[Event "Wch Blitz"]
[Site "Moscow"]
[Date "2019.12.30"]
[Round "21"]
[White "Triapishko, Alexandr"]
[Black "Huzman, Alexander"]
[Result "1-0"]
[WhiteElo "2502"]
[BlackElo "2567"]
[PlyCount "133"]
[EventDate "2019.12.29"]
[EventType "swiss (blitz)"]
[EventRounds "21"]
[EventCountry "RUS"]
[SourceTitle "CBM 193 Extra"]
[Source "ChessBase"]
[SourceDate "2020.01.31"]
[SourceVersion "1"]
[SourceVersionDate "2020.01.31"]
[SourceQuality "1"]

1. Nf3 Nf6 2. g3 g6 3. b3 Bg7 4. Bb2 d5 5. c4 O-O 6. cxd5 Nxd5 7. Bxg7 Kxg7 8. Bg2 c5 9. O-O Nc6 10. d4 cxd4 11. Nxd4 Ndb4 12. Nxc6 Nxc6 13. Nc3 ({RR} 13. Bxc6 bxc6 14. Nc3 c5 15. Rc1 Be6 16. Ne4 c4 17. bxc4 Rc8 18. Nd2 Qa5 19. Qc2 Rfd8 20. Qb2+ Kg8 21. Rc3 Qe5 22. Nf3 Qf6 23. Qb4 Rb8 24. Qa3 Bh3 25. Re1 Rd6 26. Qxa7 Rb2 27. Re3 Ra6 {Granda Zuniga,J (2665)-Salgado Lopez,I (2624) Camarinas 2013 1-0 (57)}) 13... Qa5 14. Rc1 Be6 $146 ({RR} 14... Rd8 15. Qc2 Bf5 16. Qb2 Rac8 17. Nd5+ Kg8 18. Rxc6 Rxd5 19. Rxc8+ Bxc8 20. Bxd5 Qxd5 21. f3 Bh3 22. Rc1 f6 23. Qc3 Kg7 24. Qe3 Qd7 25. Kf2 Kf7 26. Qxa7 Qd2 27. Qe3 Qxa2 28. Rc7 Qa3 29. Qc5 {Sprenar,P (2327)-Bianchi,A (1968) chess.com INT 2025 1-0}) ({RR} 14... Rd8 15. Qc2 Bf5 16. Qb2 Kg8 17. Rfd1 Rxd1+ 18. Rxd1 Rd8 19. Nd5 Be6 20. b4 Qa4 21. Nxe7+ Kf8 22. Rxd8+ Nxd8 23. Nxg6+ hxg6 24. h4 Qd1+ 25. Kh2 Ke7 26. b5 b6 27. Qa3+ Ke8 28. Qxa7 Qd6 29. a4 {Waldhausen Gordon,F (2361)-Brancaleoni,M (2180) chess.com INT 2024 1-0 (43)}) 15. Bxc6 bxc6 16. Qd4+ Kg8 17. Na4 Rfd8 18. Qc5 Qb5 19. Qe3 Rd6 20. Rfd1 Rad8 21. Rxd6 Rxd6 22. Nc5 a5 23. f3 h5 24. Kf2 h4 25. gxh4 Qb4 26. Ne4 Rd8 27. h5 Bf5 28. hxg6 Bxg6 29. Qc5 Bxe4 30. Qxb4 axb4 31. fxe4 Ra8 32. Rxc6 Rxa2 33. Rb6 Kg7 34. Rxb4 Kf6 35. Rb5 Rb2 36. h4 e6 37. Kf3 Rb1 38. b4 Rb3+ 39. e3 Rb1 40. h5 Rb2 41. h6 Kg6 42. Rh5 Kh7 43. b5 e5 44. Rxe5 Kxh6 45. Rf5 Kg6 46. Kf4 Rb4 47. Rc5 f6 48. Kf3 Kf7 49. e5 f5 50. Ke2 Ke6 51. Kd3 Rb1 52. Kd2 Rb4 53. Kc3 Rb1 54. Kc4 Rb2 55. Kd4 Rb4+ 56. Kc3 Rb1 57. Kc4 Rb2 58. Rd5 Rc2+ 59. Kb3 Rc1 60. Rd2 Kxe5 61. Kb4 Ke4 62. Rf2 Rb1+ 63. Kc5 Rc1+ 64. Kd6 Rd1+ 65. Ke6 Rd5 66. Rf4+ Kxe3 67. Kxd5 1-0

[Event "Mumbai Wealth blitz op 5th"]
[Site "Mumbai"]
[Date "2020.01.04"]
[Round "6"]
[White "Bogdanovich, Stanislav"]
[Black "Yakubboev, Nodirbek"]
[Result "1-0"]
[WhiteElo "2715"]
[BlackElo "2520"]
[PlyCount "75"]
[EventDate "2020.01.04"]
[EventType "swiss (blitz)"]
[EventRounds "11"]
[EventCountry "IND"]
[SourceTitle "CBM 195 Extra"]
[Source "ChessBase"]
[SourceDate "2020.05.31"]
[SourceVersion "1"]
[SourceVersionDate "2020.05.31"]
[SourceQuality "1"]

1. d4 Nf6 2. c4 e6 3. Nf3 d5 4. e3 Be7 5. Nc3 O-O 6. b3 b6 7. Bb2 Bb7 8. Bd3 dxc4 ({RR} 8... c5 9. cxd5 Nxd5 10. O-O Nf6 11. dxc5 Bxc5 12. Qe2 Nbd7 13. Rfd1 Qe7 14. Ng5 Rfd8 15. Nce4 h6 16. Nxf6+ Nxf6 17. Bxf6 Qxf6 18. Be4 Qxg5 19. Bxb7 Rxd1+ 20. Rxd1 Rd8 21. g3 Qe7 22. Bf3 Rxd1+ 23. Qxd1 {Andreikin,D (2729)-Dominguez Perez,L (2748) chess.com INT 2024 ½-½ (67)}) 9. Bxc4 ({RR} 9. bxc4 c5 10. O-O Nbd7 11. Rc1 h6 12. Qe2 Rc8 13. Rfd1 Qc7 14. h3 Rfd8 15. Bb1 cxd4 16. Nb5 Qb8 17. exd4 a6 18. Nc3 Qc7 19. Bd3 Nb8 20. d5 exd5 21. Nxd5 Bxd5 22. cxd5 Qb7 23. Rxc8 Rxc8 {Kocharin,T (2266)-Otdelnov,K (2273) chess.com INT 2025 1-0 (43)}) 9... c5 10. dxc5 $146 ({RR} 10. O-O Nc6 11. Qe2 cxd4 12. Rfd1 Qe8 13. Nb5 dxe3 14. Qxe3 Rd8 15. Nc7 Rxd1+ 16. Rxd1 Qb8 17. Nxe6 fxe6 18. Qxe6+ Kh8 19. Ng5 Qe8 20. Nf7+ Rxf7 21. Qxf7 Qxf7 22. Bxf7 h6 23. Bxf6 Bxf6 24. Bd5 b5 {Rashkovsky,N (2523)-Sargissian,G (2442) Ubeda 2000 1-0}) 10... Bxc5 11. O-O Qe7 12. Qe2 Nc6 13. Rad1 Rfd8 14. Ba6 e5 15. Bxb7 Qxb7 16. Nd2 Nb4 17. Nc4 e4 18. Nb5 Qe7 19. Nd4 Nd3 20. Nc6 Qe6 21. Nxd8 Rxd8 22. Bxf6 gxf6 23. Nb2 Qd7 24. f3 f5 25. fxe4 fxe4 26. Kh1 Qd5 27. Qg4+ Kh8 28. Nxd3 exd3 29. Qf3 Qxf3 30. Rxf3 d2 31. Kg1 Bb4 32. Rxf7 Rc8 33. Kf2 a5 34. Ke2 Rc2 35. a3 Bc3 36. Kd3 Rc1 37. Rff1 Bb2 38. Kxd2 1-0

[Event "World-ch (Women)"]
[Site "Shanghai/Vladivostok"]
[Date "2020.01.19"]
[Round "9"]
[White "Ju, Wenjun"]
[Black "Goryachkina, Aleksandra"]
[Result "1-0"]
[WhiteElo "2584"]
[BlackElo "2578"]
[PlyCount "124"]
[EventDate "2020.01.05"]
[EventType "match"]
[EventRounds "12"]
[EventCountry "CHN"]
[SourceTitle "CBM 194 Extra"]
[Source "ChessBase"]
[SourceDate "2020.03.31"]
[SourceVersion "1"]
[SourceVersionDate "2020.03.31"]
[SourceQuality "1"]

1. Nf3 d5 2. b3 c5 3. e3 a6 4. Bb2 Nc6 5. d4 Nf6 6. Nbd2 cxd4 ({RR} 6... Bg4 7. h3 Bh5 8. Be2 e6 9. O-O Rc8 10. a3 cxd4 11. exd4 Be7 12. c4 dxc4 13. bxc4 O-O 14. Rc1 Qb6 15. Qb3 Qxb3 16. Nxb3 Rfd8 17. Rfd1 Nd7 18. d5 exd5 19. cxd5 Na7 20. Na5 Nc5 21. g4 {Caruana,F (2781)-Aronian,L (2785) Saint Louis 2022 ½-½ (40)}) ({RR} 6... Bg4 7. dxc5 e6 8. h3 Bh5 9. c4 Bxc5 10. cxd5 exd5 11. Be2 O-O 12. O-O Re8 13. a3 a5 14. Re1 Ne4 15. Nxe4 dxe4 16. Nd2 Bxe2 17. Qxe2 Qe7 18. Red1 Rad8 19. Nf1 Qe6 20. Qb5 b6 21. Ng3 {Boyer,M (2509)-Shimanov,A (2593) chess.com INT 2025 1-0 (35)}) 7. exd4 g6 8. a3 $146 ({RR} 8. Be2 Bg7 9. O-O O-O 10. Re1 Qb6 11. h3 Bf5 12. c3 Rfe8 13. Nf1 Rad8 14. Ne3 Be4 15. Nd2 e5 16. Nxe4 Nxe4 17. Nc2 Qa5 18. Qd3 f5 19. b4 Qc7 20. a3 Bf6 21. Rad1 b5 22. Bf1 f4 {Neuschmied,S (2268)-Rieger,R (2307) Playchess.com INT 2020 0-1 (34)}) 8... Bg7 9. Bd3 Nh5 10. g3 O-O 11. Ne5 Nxe5 12. dxe5 d4 13. f4 f6 14. Qe2 fxe5 15. fxe5 Bh6 16. O-O-O Be3 17. Rhf1 Bh3 18. Rxf8+ Qxf8 19. Kb1 b5 20. Nf1 Bg1 21. a4 bxa4 22. bxa4 Qc8 23. Bc4+ Kh8 24. e6 Nf6 25. Rxd4 Bxd4 26. Bxd4 Qb7+ 27. Ka2 Rd8 28. Bb2 Rb8 29. Bb3 Qg2 30. Qe5 Rxb3 31. cxb3 Qc6 32. Nd2 Bxe6 33. Ka3 Kg8 34. Nf3 Qd5 35. Qb8+ Kg7 36. Ne5 Qc5+ 37. Qb4 Qxb4+ 38. Kxb4 Kf8 39. Nc4 Ne4 40. Bd4 Ke8 41. Ka5 Nd6 42. Nd2 Bc8 43. Kb6 Kd8 44. Be5 Kd7 45. Bf4 g5 46. Bxg5 e5 47. Be3 Ke6 48. Kc7 Bd7 49. Bc5 Nf5 50. Kb6 Kd5 51. Nb1 e4 52. Nc3+ Ke5 53. Kxa6 e3 54. a5 Nd4 55. b4 Bg4 56. Kb6 e2 57. Bxd4+ Kxd4 58. Nxe2+ Bxe2 59. a6 Bf3 60. a7 h5 61. b5 Kc4 62. h3 Kd5 1-0

[Event "World-ch (Women) playoff"]
[Site "Shanghai/Vladivostok"]
[Date "2020.01.24"]
[Round "3"]
[White "Ju, Wenjun"]
[Black "Goryachkina, Aleksandra"]
[Result "1-0"]
[WhiteElo "2584"]
[BlackElo "2578"]
[PlyCount "89"]
[EventDate "2020.01.05"]
[EventType "match (rapid)"]
[EventRounds "4"]
[EventCountry "CHN"]
[SourceTitle "CBM 194 Extra"]
[Source "ChessBase"]
[SourceDate "2020.03.31"]
[SourceVersion "1"]
[SourceVersionDate "2020.03.31"]
[SourceQuality "1"]

1. Nf3 d5 2. g3 c6 3. Bg2 Bg4 4. O-O Nd7 5. h3 Bh5 6. d4 e6 7. c4 Be7 8. cxd5 exd5 9. Nc3 Bxf3 10. exf3 Ngf6 11. h4 O-O 12. Bh3 Nb6 13. Qd3 Re8 14. b3 $146 ({RR} 14. Re1 Bd6 15. Rxe8+ Qxe8 16. Bg5 Nfd7 17. b3 Qf8 18. a4 a5 19. Na2 h6 20. Bd2 Qd8 21. Bc3 Nf8 22. Qd2 Nbd7 23. Nc1 Qb6 24. Rb1 Qc7 25. Kg2 b6 26. Nd3 Re8 27. Rc1 Qb7 28. Bb2 Nb8 {Howell,D (2640)-Sargissian,G (2682) Chess.com INT 2020 ½-½ (81)}) 14... Nfd7 15. Re1 Bf6 16. Bd2 a5 17. Kg2 Nf8 18. Rxe8 Qxe8 19. Re1 Qd8 20. Nd1 Nbd7 21. Ne3 Qb6 22. Bc3 a4 23. b4 Ne6 24. Bxe6 fxe6 25. Ng4 Re8 26. f4 Qd8 27. h5 h6 28. Re3 Kh8 29. b5 Nb8 30. Qe2 cxb5 31. Qxb5 Qc8 32. Qxa4 Nc6 33. Bb2 Re7 34. Qc2 Qe8 35. Nxf6 gxf6 36. Ba3 Rg7 37. f5 e5 38. dxe5 fxe5 39. f6 Rg5 40. f4 Rxh5 41. fxe5 Qe6 42. Kg1 d4 43. Qg6 Qd7 44. e6 Qc7 45. Qxh5 1-0

[Event "PRO League Stage"]
[Site "Chess.com INT"]
[Date "2020.01.08"]
[Round "1"]
[White "Petrosian, Tigran L"]
[Black "Prohaszka, Peter"]
[Result "1-0"]
[WhiteElo "2601"]
[BlackElo "2587"]
[PlyCount "133"]
[EventDate "2020.01.06"]
[EventType "team-swiss (rapid)"]
[EventRounds "7"]
[EventCountry "USA"]
[SourceTitle "CBM 194 Extra"]
[Source "ChessBase"]
[SourceDate "2020.03.31"]
[SourceVersion "1"]
[SourceVersionDate "2020.03.31"]
[SourceQuality "1"]
[WhiteTeam "Armenia Eagles"]
[BlackTeam "Hungary Hunters"]
[WhiteTeamCountry "ARM"]
[BlackTeamCountry "HUN"]

1. Nf3 d5 2. g3 Bg4 3. Bg2 c6 4. h3 Bh5 5. d3 Nf6 6. Nbd2 e6 7. e4 Be7 8. O-O O-O 9. b3 ({RR} 9. Qe1 a5 10. Nh2 dxe4 11. dxe4 e5 12. Nc4 Nfd7 13. a4 Na6 14. Ng4 f6 15. Nge3 Nb4 16. Bd2 b6 17. h4 Re8 18. Bxb4 Bxb4 19. c3 Bf8 20. b4 Qc7 21. Bh3 Red8 22. Qb1 Bf7 23. Rd1 Ra7 {Caruana,F (2804)-So,W (2770) Paris 2016 1-0 (41)}) ({RR} 9. Qe1 Na6 10. a3 dxe4 11. dxe4 Nc5 12. b4 Na4 13. Nb3 c5 14. e5 Nd5 15. c4 Ndb6 16. Na5 Qd3 {½-½ (16) Lukas,A (2049)-Ochs,D (2176) Germany 2022}) 9... a5 10. a3 Nfd7 $146 ({RR} 10... Nbd7 11. Bb2 Qb6 12. Qe2 Qa6 13. g4 dxe4 14. Nxe4 Nxe4 15. Qxe4 Bg6 16. Qe3 Bf6 17. Bxf6 Nxf6 18. Ne5 Nd5 19. Qg3 Qa7 20. Rae1 Rfe8 21. c4 Ne7 22. Qe3 f6 23. Nxg6 Nxg6 24. Qxa7 Rxa7 25. f4 {Buchal,S (2355)-Meister,P (2420) Germany 1999 0-1 (60)}) 11. Qe1 Bg6 12. Bb2 Bf6 13. e5 Be7 14. Nd4 c5 15. Ne2 a4 16. Nf4 Nc6 17. Nxg6 hxg6 18. c4 axb3 19. cxd5 exd5 20. e6 Bf6 21. exf7+ Kh8 22. Bxf6 Nxf6 23. Nxb3 Qd6 24. Qe3 b6 25. Qg5 Ne7 26. Nd2 Nh7 27. Qg4 Rxf7 28. Nc4 Qf6 29. Rab1 Rb8 30. Ne3 Qd6 31. a4 Rbf8 32. d4 Nf6 33. Qh4+ Kg8 34. dxc5 bxc5 35. a5 Qa6 36. Qa4 d4 37. Nc4 Nfd5 38. Qb5 Qa7 39. Qb7 Qxb7 40. Rxb7 Nc3 41. a6 Ned5 42. Rxf7 Rxf7 43. Ra1 Ra7 44. Ra5 d3 45. Rxc5 Nb4 46. Rc8+ Kh7 47. Rd8 Rxa6 48. h4 Ra1+ 49. Kh2 Ra2 50. Kg1 Rc2 51. Ne5 d2 52. Bf3 Rc1+ 53. Kg2 d1=Q 54. Bxd1 Rxd1 55. Rc8 Nbd5 56. Nf7 g5 57. h5 g6 58. h6 Ne3+ 59. fxe3 Rd2+ 60. Kh3 g4+ 61. Kxg4 g5 62. Kh5 Rh2+ 63. Kxg5 Ne4+ 64. Kf5 Nxg3+ 65. Kg4 Nf1 66. Ng5+ Kg6 67. Rc6# 1-0

[Event "PRO League Stage"]
[Site "Chess.com INT"]
[Date "2020.01.08"]
[Round "1"]
[White "Praggnanandhaa, Rameshbabu"]
[Black "Le, Tuan Minh"]
[Result "1-0"]
[WhiteElo "2602"]
[BlackElo "2501"]
[PlyCount "67"]
[EventDate "2020.01.06"]
[EventType "team-swiss (rapid)"]
[EventRounds "7"]
[EventCountry "USA"]
[SourceTitle "CBM 194 Extra"]
[Source "ChessBase"]
[SourceDate "2020.03.31"]
[SourceVersion "1"]
[SourceVersionDate "2020.03.31"]
[SourceQuality "1"]
[WhiteTeam "India Yogis"]
[BlackTeam "Croatia Bulldogs"]
[WhiteTeamCountry "IND"]
[BlackTeamCountry "CRO"]

1. Nf3 d5 2. g3 Nf6 3. Bg2 c6 4. O-O Bg4 5. d3 Nbd7 6. h3 Bh5 7. Qe1 e5 8. e4 dxe4 9. dxe4 Bc5 10. a4 O-O 11. Nbd2 ({RR} 11. Nh4 a5 12. Nd2 Qc7 13. Kh1 Rfe8 14. Nb3 Bb4 15. Bd2 Bxd2 16. Qxd2 Red8 17. Qc3 Bg6 18. Nxg6 hxg6 19. Rfd1 b6 20. Bf3 Nf8 21. Kg2 Ne6 22. h4 g5 23. hxg5 Rxd1 24. Rxd1 Nxg5 25. Qe3 Nxf3 {Giri,A (2784)-So,W (2775) Doha 2015 ½-½ (62)}) 11... Re8 12. Nc4 Qc7 13. Nh4 Bg6 $146 ({RR} 13... Nf8 14. b4 Be7 15. Nf5 N6d7 16. Nxe7+ Rxe7 17. Ba3 Ne6 18. b5 cxb5 19. Bxe7 Qxc4 20. Qd2 Nb6 21. a5 Na4 22. Qd5 Nc3 23. Qxb7 Re8 24. Qxa7 Nd4 25. Qd7 f6 26. a6 Nc6 27. a7 Ra8 28. Qb7 {Matlakov,M (2686)-Movsesian,S (2666) Chess.com INT 2016 1-0 (33)}) 14. Bd2 b5 15. Na5 a6 16. Nxg6 hxg6 17. Qe2 Nb6 18. axb5 axb5 19. b4 Bf8 20. c4 bxc4 21. Nxc4 Red8 22. Na5 Qd7 23. Be3 Nc8 24. Rac1 Ne7 25. Nc4 Qe6 26. Qb2 Nd7 27. Rfd1 Rab8 28. Rd6 Qxd6 29. Nxd6 Nc8 30. Nxc8 Rdxc8 31. b5 cxb5 32. Rxc8 Rxc8 33. Qxb5 Nc5 34. h4 1-0

[Event "PRO League Stage"]
[Site "Chess.com INT"]
[Date "2020.01.08"]
[Round "1"]
[White "Moroni, Luca Jr"]
[Black "Spoelman, Wouter"]
[Result "1-0"]
[WhiteElo "2532"]
[BlackElo "2578"]
[PlyCount "71"]
[EventDate "2020.01.06"]
[EventType "team-swiss (rapid)"]
[EventRounds "7"]
[EventCountry "USA"]
[SourceTitle "CBM 194 Extra"]
[Source "ChessBase"]
[SourceDate "2020.03.31"]
[SourceVersion "1"]
[SourceVersionDate "2020.03.31"]
[SourceQuality "1"]
[WhiteTeam "Italy Gladiators"]
[BlackTeam "Netherlands Mosquitoes"]
[WhiteTeamCountry "ITA"]
[BlackTeamCountry "NED"]

1. Nf3 d5 2. g3 Nf6 3. Bg2 c6 4. O-O Bg4 5. d3 Nbd7 6. Nbd2 e6 7. Qe1 Be7 ({RR} 7... Bd6 8. e4 Qc7 9. b3 Bb4 10. Qe3 Bc3 11. Rb1 e5 12. h3 Bh5 13. g4 Bg6 14. Nh4 O-O 15. Ndf3 Rfe8 16. Nf5 a5 17. Ba3 Bb4 18. Bb2 d4 19. Qe2 Nf8 20. Bc1 Ne6 21. Ng5 a4 22. Nxe6 {Wang,Y (2711)-Ma,Q (2621) Shenzhen 2014 1-0 (87)}) ({RR} 7... Bc5 8. e4 O-O 9. e5 Ne8 10. d4 Be7 11. c3 c5 12. Qe3 b5 13. h4 f5 14. Ng5 Bxg5 15. hxg5 c4 16. Bxd5 exd5 17. e6 Qe7 18. exd7 Qxd7 19. Nf3 Bxf3 20. Qxf3 Nc7 21. Re1 Rae8 22. Bf4 {Mitev,V (2290)-Ruchinskaya,V (1880) chess.com INT 2025 1-0 (68)}) 8. h3 Bh5 9. Nh4 $146 ({RR} 9. e4 O-O 10. e5 Ne8 11. Nh2 Nc7 12. Ndf3 c5 13. h4 Bg6 14. Bg5 h6 15. Bxe7 Qxe7 16. Qe2 Rac8 17. Rac1 Na6 18. Rfd1 Nb4 19. a3 Nc6 20. c4 dxc4 21. dxc4 Rcd8 22. Qe3 Nb6 23. b3 Rxd1+ {Jacobs,J-Benko,P New York 1974 0-1 (46)}) 9... g5 10. Nhf3 h6 11. e4 dxe4 12. dxe4 Bg6 13. b3 Qc7 14. Bb2 O-O-O 15. a4 g4 16. hxg4 Nxg4 17. Bxh8 Rxh8 18. Qe2 h5 19. e5 Ndxe5 20. Nxe5 Nxe5 21. Rfe1 Ng4 22. Qc4 Bf5 23. Be4 Bxe4 24. Rxe4 Bd6 25. Rxg4 hxg4 26. Qxg4 Kb8 27. Rd1 f5 28. Qg6 Bc5 29. Nf3 a5 30. Kg2 Ka7 31. Qxe6 Qh7 32. Nh4 f4 33. Qf5 f3+ 34. Kg1 Qg7 35. Qxc5+ b6 36. Qxc6 1-0

[Event "PRO League Stage"]
[Site "Chess.com INT"]
[Date "2020.01.08"]
[Round "1"]
[White "Meskovs, Nikita"]
[Black "Salomon, Johan"]
[Result "1-0"]
[WhiteElo "2565"]
[BlackElo "2507"]
[PlyCount "57"]
[EventDate "2020.01.06"]
[EventType "team-swiss (rapid)"]
[EventRounds "7"]
[EventCountry "USA"]
[SourceTitle "CBM 194 Extra"]
[Source "ChessBase"]
[SourceDate "2020.03.31"]
[SourceVersion "1"]
[SourceVersionDate "2020.03.31"]
[SourceQuality "1"]
[WhiteTeam "Sweden Wasabis"]
[BlackTeam "Norway Gnomes"]
[WhiteTeamCountry "SWE"]
[BlackTeamCountry "NOR"]

1. Nf3 Nf6 2. g3 b5 3. Na3 b4 ({RR} 3... a6 4. b3 e6 5. c4 bxc4 6. bxc4 c5 7. Bg2 Bb7 8. Rb1 Bc6 9. O-O Be7 10. d3 O-O 11. Nc2 d6 12. e4 Nbd7 13. Qe2 Qc7 14. Bd2 Rfb8 15. Bc3 Rxb1 16. Rxb1 Rb8 17. Rc1 Ne8 18. Qe1 {Duda,J (2717)-Georgiev,K (2623) Riadh 2017 ½-½ (91)}) 4. Nc4 e6 ({RR} 4... a5 5. c3 Bb7 6. Bg2 e6 7. O-O Be7 8. d3 O-O 9. e4 d5 10. exd5 Bxd5 11. Ne3 Bb7 12. Qc2 c5 13. Rd1 Nbd7 14. Nc4 Bd5 15. Bf4 h6 16. h4 a4 17. Qe2 a3 18. cxb4 axb2 19. Qxb2 {Gutierrez Olivares,D (2354)-Papasimakopoulos,A (2402) chess.com INT 2024 0-1 (72)}) 5. a3 bxa3 $146 ({RR} 5... d5 6. Nce5 bxa3 7. Ng5 Nfd7 8. Nexf7 Qf6 9. Bh3 Nb6 10. Nxh8 Qxg5 11. bxa3 g6 12. Bb2 Na4 13. Bd4 c5 14. f4 Qh6 15. Bg2 cxd4 16. c4 Nb6 17. Rc1 Qg7 18. cxd5 Bb7 19. f5 exf5 20. a4 {Darcyl,T (2375)-Negri,S (2320) Buenos Aires 1991 0-1 (42)}) 6. b3 Be7 7. Bg2 d5 8. Nce5 O-O 9. Bxa3 c5 10. O-O Bb7 11. Bb2 Ne4 12. d3 Nd6 13. c4 f6 14. Ng4 d4 15. h3 Nd7 16. b4 e5 17. bxc5 Nxc5 18. Ba3 Qc7 19. Rb1 Rfb8 20. e3 dxe3 21. Nxe3 e4 22. Nd4 Nxd3 23. Bxd6 Qxd6 24. Nef5 Qe5 25. Qg4 g6 26. Rxb7 Rxb7 27. Bxe4 Nc5 28. Bxb7 Nxb7 29. Nc6 1-0

[Event "PRO League Stage"]
[Site "Chess.com INT"]
[Date "2020.01.13"]
[Round "2"]
[White "Van Wely, Loek"]
[Black "Braun, Arik"]
[Result "1-0"]
[WhiteElo "2609"]
[BlackElo "2605"]
[PlyCount "95"]
[EventDate "2020.01.06"]
[EventType "team-swiss (rapid)"]
[EventRounds "7"]
[EventCountry "USA"]
[SourceTitle "CBM 194 Extra"]
[Source "ChessBase"]
[SourceDate "2020.03.31"]
[SourceVersion "1"]
[SourceVersionDate "2020.03.31"]
[SourceQuality "1"]
[WhiteTeam "Netherlands Mosquitoes"]
[BlackTeam "Germany Bears"]
[WhiteTeamCountry "NED"]
[BlackTeamCountry "GER"]

1. Nf3 Nf6 2. c4 e6 3. g3 d5 4. Bg2 d4 5. O-O c5 6. d3 Nc6 7. e3 Bd6 8. exd4 cxd4 9. Bg5 h6 10. Bxf6 Qxf6 11. Nbd2 Qe7 12. a3 a5 13. Re1 O-O 14. Rc1 ({RR} 14. Nb3 Qf6 15. Qc2 e5 16. Nfd2 Qg6 17. c5 Bc7 18. Nc4 Bf5 19. Be4 Bxe4 20. dxe4 Rad8 21. Rad1 f5 22. exf5 Rxf5 23. Qe4 Rdf8 24. Re2 Qf7 25. Qc2 a4 26. Nc1 e4 27. Rxe4 Rxf2 28. Qd3 Rf3 {Le,Q (2712)-Moiseenko,A (2711) Khanty-Mansiysk 2013 ½-½ (79)}) ({RR} 14. Nb3 Qf6 15. c5 Bc7 16. Nbd2 Qe7 17. Rc1 Bd7 18. Ne4 Rfd8 19. Nfd2 Ne5 20. Nc4 Nxc4 21. Rxc4 Bb5 22. Rc1 a4 23. Qe2 Bc6 24. Nd2 Ra5 25. Bxc6 bxc6 26. Rc4 e5 27. Qd1 Rb5 28. Rxa4 Rxb2 {Mitrabha,G (2505)-Zhao Zong Yuan (2462) Canberra AUS 2025 1-0 (51)}) 14... Rd8 15. Ne4 Bc7 16. c5 e5 $146 ({RR} 16... Bd7 17. Qe2 a4 18. Nfd2 Na5 19. f4 Bb5 20. Nf2 g6 21. Ng4 Kg7 22. Ne5 Ra6 23. Rc2 Bb8 24. h4 h5 25. Rec1 Nb3 26. Nxb3 axb3 27. Rd2 Rc8 28. Rdd1 Rxc5 29. Rxc5 Qxc5 30. Bxb7 Ra7 31. Bf3 {Galyas,M (2468)-Czopor,M (2416) England 2022 0-1 (66)}) ({RR} 16... a4 17. Nfd2 Bd7 18. Nc4 Na5 19. Nxa5 Bxa5 20. Re2 Bc6 21. Nd6 Bc7 22. Bxc6 bxc6 23. Rc4 Bxd6 24. cxd6 Qxd6 25. Rxa4 Qd5 26. Rc4 Rab8 27. Rec2 Rb6 28. Rc5 Qb3 29. Qf3 g6 30. h4 Kg7 31. h5 {Van Wely,L (2612)-Salem,A (2690) Abu Dhabi 2021 1-0 (56)}) 17. Nfd2 Be6 18. Nc4 a4 19. Ned6 Bxc4 20. Nxc4 Ra6 21. h4 Qf6 22. Qg4 Ra7 23. Re2 Na5 24. Nxa5 Bxa5 25. c6 bxc6 26. Rxc6 Rd6 27. Rc5 Qe6 28. Qh5 f6 29. Rec2 Bd8 30. Be4 Qf7 31. Qf5 g6 32. Qxg6+ Qxg6 33. Bxg6 Rb7 34. Be4 Rb8 35. R5c4 Ra6 36. Bc6 Kg7 37. Bxa4 f5 38. Bd7 Kf6 39. Rc6+ Rxc6 40. Rxc6+ Ke7 41. Bxf5 Rxb2 42. Rxh6 Kf7 43. Ra6 Be7 44. h5 Bg5 45. h6 Rb8 46. a4 Rh8 47. h7 Kg7 48. Rg6+ 1-0

[Event "PRO League Stage"]
[Site "Chess.com INT"]
[Date "2020.01.13"]
[Round "2"]
[White "Amin, Bassem"]
[Black "Forcen Esteban, Daniel"]
[Result "1-0"]
[WhiteElo "2673"]
[BlackElo "2548"]
[PlyCount "141"]
[EventDate "2020.01.06"]
[EventType "team-swiss (rapid)"]
[EventRounds "7"]
[EventCountry "USA"]
[SourceTitle "CBM 194 Extra"]
[Source "ChessBase"]
[SourceDate "2020.03.31"]
[SourceVersion "1"]
[SourceVersionDate "2020.03.31"]
[SourceQuality "1"]
[WhiteTeam "Sweden Wasabis"]
[BlackTeam "Spain Raptors"]
[WhiteTeamCountry "SWE"]
[BlackTeamCountry "ESP"]

1. Nf3 Nf6 2. g3 c5 3. Bg2 d5 4. O-O h6 5. d3 Nc6 6. e4 ({RR} 6. Nc3 e6 7. e4 Be7 8. Bf4 O-O 9. Ne5 Nxe5 10. Bxe5 d4 11. Nb5 a6 12. Na3 b5 13. Bxf6 gxf6 14. Qh5 Kg7 15. e5 Rb8 16. exf6+ Bxf6 17. Qg4+ Kh8 18. Qf4 Bb7 19. Qxh6+ Kg8 20. Bxb7 Rxb7 {Bjerre,J (2636)-Nguyen,D (2021) chess.com INT 2025 1-0 (38)}) 6... dxe4 7. dxe4 Qxd1 8. Rxd1 Bg4 $146 ({RR} 8... Nxe4 9. Na3 Nd6 10. Be3 c4 11. Bf4 Be6 12. Nd4 Nxd4 13. Rxd4 O-O-O 14. Rad1 g5 15. Be5 f6 16. Bxd6 Rxd6 17. Rxd6 exd6 18. Bd5 Bxd5 19. Rxd5 Be7 20. Nxc4 Kd7 21. Ne3 Rc8 22. c4 Rc5 23. Kg2 {Grischuk,A (2745)-Hou Yifan (2628) Astana KAZ 2023 1-0 (41)}) 9. Be3 Nxe4 10. h3 Bf5 11. Na3 e6 12. g4 Bh7 13. Nd2 Nxd2 14. Rxd2 Be7 15. Rad1 Rd8 16. Bxc6+ bxc6 17. Rxd8+ Bxd8 18. Bxc5 Be7 19. Bxe7 Kxe7 20. Rd4 Rb8 21. b3 e5 22. Ra4 Rb7 23. Kf1 f6 24. Ke2 Rd7 25. Ra6 Rc7 26. c3 h5 27. Nc4 hxg4 28. hxg4 Kd7 29. b4 Bg8 30. Ne3 Be6 31. Kd3 Kc8 32. a3 Kb7 33. Ra5 Rd7+ 34. Ke2 Kb6 35. Rc5 a6 36. g5 Kc7 37. a4 Bb3 38. gxf6 gxf6 39. a5 Kb7 40. c4 Ba4 41. f3 Rd4 42. Ng4 Rf4 43. Nf2 Kc7 44. Nd3 Rh4 45. Ke3 Kd6 46. Nf2 Bc2 47. Ng4 Bg6 48. Nxf6 Rd4 49. Ng4 Rd3+ 50. Kf2 e4 51. Ne5 Rb3 52. Nxg6 Rb2+ 53. Kg3 exf3 54. Rf5 Rxb4 55. c5+ Ke6 56. Rxf3 Rb5 57. Nf4+ Ke5 58. Ra3 Kd4 59. Ne6+ Kc4 60. Kf4 Rb1 61. Ke5 Rd1 62. Ra4+ Kb5 63. Ra2 Rd5+ 64. Kf6 Rd7 65. Ra1 Kb4 66. Rb1+ Kxa5 67. Rb6 Ra7 68. Rxc6 Kb4 69. Rb6+ Kc4 70. c6 a5 71. c7 1-0

[Event "PRO League Stage"]
[Site "Chess.com INT"]
[Date "2020.01.20"]
[Round "3"]
[White "Markus, Robert"]
[Black "Aravindh, Chithambaram VR"]
[Result "1-0"]
[WhiteElo "2599"]
[BlackElo "2630"]
[PlyCount "55"]
[EventDate "2020.01.06"]
[EventType "team-swiss (rapid)"]
[EventRounds "7"]
[EventCountry "USA"]
[SourceTitle "CBM 194 Extra"]
[Source "ChessBase"]
[SourceDate "2020.03.31"]
[SourceVersion "1"]
[SourceVersionDate "2020.03.31"]
[SourceQuality "1"]
[WhiteTeam "Hungary Hunters"]
[BlackTeam "India Yogis"]
[WhiteTeamCountry "HUN"]
[BlackTeamCountry "IND"]

1. Nf3 Nf6 2. g3 g6 3. Bg2 Bg7 4. O-O O-O 5. d3 c5 6. e4 Nc6 7. c3 d5 8. Nbd2 e5 9. Re1 Re8 10. a3 a5 ({RR} 10... d4 11. cxd4 cxd4 12. b4 a6 13. Nb3 Nd7 14. Bg5 f6 15. Bd2 b5 16. Rc1 Bb7 17. Bh3 Bf8 18. Nh4 a5 19. Nxa5 Nxa5 20. bxa5 Nc5 21. Bb4 Qc7 22. Bxc5 Bxc5 23. Qc2 Rec8 24. Bxc8 Rxc8 25. Qb3+ {Petrosian,T (2601)-Tari,A (2634) Chess.com INT 2020 1-0 (32)}) 11. a4 ({RR} 11. exd5 Nxd5 12. a4 h6 13. Nc4 Be6 14. Qb3 Qc7 15. Bd2 Rad8 16. Rad1 f5 17. Bc1 Bf7 18. Nfd2 Kh7 19. Qb5 Bf8 20. Nb3 Qc8 21. Nbxa5 Nxa5 22. Nxa5 Re7 23. Nc4 Bg7 24. a5 Be8 25. Qb3 Bc6 {Maksimovic,B (2476)-Sathish,P (2441) chess.com INT 2023 1-0 (40)}) 11... b6 $146 ({RR} 11... Ra7 12. Qc2 b6 13. Nf1 Ba6 14. Bg5 dxe4 15. dxe4 Bd3 16. Qb3 c4 17. Qb5 Re6 18. Bh3 Rd6 19. N1d2 Rc7 20. Nxe5 Nxe5 21. Qxe5 h6 22. Bxf6 Rxf6 23. Qb5 Rc5 24. Qd7 Qb8 25. f4 Rd6 26. Qg4 {Posada,J (2134)-Castro Rojas,O (2340) Bagre Antioquia 2014 0-1 (48)}) 12. exd5 Nxd5 13. Nc4 f6 14. d4 Ba6 15. Qb3 cxd4 16. Nxd4 Nxd4 17. cxd4 Kh8 18. dxe5 Rc8 19. Ne3 Nb4 20. Rd1 Qe7 21. Bd2 fxe5 22. Nd5 Nxd5 23. Bxd5 e4 24. Rac1 Rcd8 25. Be3 Be2 26. Re1 Bf3 27. Bc4 Qe5 28. Bf1 1-0